[Event "Udaipur Holi Cup 6th"]
[Site "Udaipur"]
[Date "2024.03.31"]
[Round "1"]
[White "Ankush, Bhardwaj"]
[Black "Arpan, Das"]
[Result "0-1"]
[WhiteElo "1570"]
[BlackElo "1987"]
[PlyCount "52"]
[EventDate "2024.03.31"]
[EventType "swiss"]
[EventRounds "9"]
[EventCountry "IND"]
[SourceTitle "CBM 219 Extra"]
[Source "ChessBase"]
[SourceDate "2024.05.31"]
[SourceVersion "1"]
[SourceVersionDate "2024.05.31"]
[SourceQuality "1"]

1. g3 e5 2. Bg2 d5 3. c4 d4 4. d3 Nc6 5. Nf3 Nf6 6. 0-0 Bd6 7. e3 0-0 8. exd4 exd4 9. Nbd2 Bf5 10. Qb3 Nb4 11. Ne1 a5 12. Ne4 Nxe4 13. dxe4 Be6 14. a4 c6 15. Nc2 b5 16. axb5 cxb5 17. Na3 bxc4 18. Qd1 Bc5 19. f4 f6 20. Qh5 Qb6 21. e5 g6 22. Qh6 fxe5 23. Bxa8 Rxa8 24. h4 Bh3 25. Re1 Qb7 26. Re2 d3+ 0-1